Turniketom Levinasovho času

Bibliographic Details
Main Author: Sucharek, Pavol, 1981- (Author)
Format: Article
Language:Slovak
ISSN:0046-385X
Subjects:

MARC

LEADER 00000nab a2200000 a 4500
001 vtls008879777
003 SK-MaSNL
005 20260304140054.0
008 250505c2006 xo mr|p|||||||000 b|slo
015 |a SNBRB2006/11 
035 |a (uuid)9e0cc83d-a7d8-4ba3-a41a-af1a1af0878a 
035 |a urn:nbn:sk:snk-abytc 
035 |a (urnnbn)urn:nbn:sk:snk:ar-a03zkl 
038 |a SNKBUCL 
040 |a SNKBUCL  |b slo  |c SNKBUCL  |e AACR2 
041 0 |a slo  |b eng 
044 |a xo  |c SK 
080 |a 115  |2 1997 
100 1 |a Sucharek, Pavol,  |d 1981-  |4 aut  |9 222309 
245 1 0 |a Turniketom Levinasovho času  |c Pavol Sucharek 
504 |a Bibliogr. odkazy 
546 |a Res. angl. 
600 1 7 |a Lévinas, Emmanuel,  |d 1906-1995  |2 snkbucl  |9 155940 
650 0 7 |a čas  |2 snkbucl  |9 2082 
773 0 |t Filozofia  |g Roč. 61, č. 8 (2006), s. 642-658  |x 0046-385X 
850 |a Slovenská národná knižnica 
852 |a Slovenská národná knižnica 
954 |a odborná, vedecká literatúra pôvodná (slovenská)  |2 lita 
958 |a article27 
958 |a OND 
958 |a SK 
958 |a NB 
958 |a EUIPO 
999 |c 2913446  |d 2915376